Mathematical programming for regional water quality management /

This report is an application of a non-linear programming algorithm to the problem of optimal water quality control in an estuary. The mathematical model that was developed gives the solution to the general mixed case of at-source treatment, regional treatment plants, and by-pass piping. The non-lin...

Full description

Saved in:
Bibliographic Details
Corporate Author: University of California, Los Angeles. Graduate School of Business Administration, (Author)
Format: Book
Language:English
Published: Washington, D.C. : For sale by the Supt. of Docs., U.S. Govt. Print. Off., 1970.
Series:Water pollution control research series.
Subjects:
Tags: Add Tag
No Tags, Be the first to tag this record!
LEADER 03087cam a2200409Ii 4500
001 014456830-6
005 20151221161717.0
008 780421s1970 dcua b 000 0 eng d
035 0 |a ocm03818895 
040 |a KZS  |b eng  |e rda  |c KZS  |d OCLCQ  |d TXJ  |d OCLCQ  |d OCLCF  |d EJB  |d OCLCQ  |d IXA 
050 1 4 |a TD365 
082 0 4 |a 333.91 
088 |a 16110 FPX 08/70 
110 2 |a University of California, Los Angeles.  |b Graduate School of Business Administration,  |e author. 
245 1 0 |a Mathematical programming for regional water quality management /  |c by Graduate School of Business Administration, University of California, Los Angeles, California 90024 ; for the Federal Water Quality Administration, Department of the Interior. 
264 1 |a Washington, D.C. :  |b For sale by the Supt. of Docs., U.S. Govt. Print. Off.,  |c 1970. 
300 |a 119 pages :  |b illustrations ;  |c 28 cm 
336 |a text  |b txt  |2 rdacontent 
337 |a unmediated  |b n  |2 rdamedia 
338 |a volume  |b nc  |2 rdacarrier 
490 1 |a Water pollution control research series 
500 |a "Program #16110 FPX, Formerly WP-01210." 
500 |a "August, 1970." 
504 |a Includes bibliographical references. 
500 |a "This report was submitted in fulfillment of Grant No. 16110 FPX between the Federal Water Quality Administration and the University of California, Los Angeles, directed by Dr. Glenn W. Graves, assisted by Andrew B. Whinston and Gordon B. Hatfield."--Abstract. 
520 3 |a This report is an application of a non-linear programming algorithm to the problem of optimal water quality control in an estuary. The mathematical model that was developed gives the solution to the general mixed case of at-source treatment, regional treatment plants, and by-pass piping. The non-linear algorithm is developed in considerable detail and a sample problem is worked out. Detailed results are presented for a pilot problem to illustrate the method of solution. Actual data from the Delaware Estuary is used to solve a large scale problem and the solution is given. The results indicate that a regional treatment system for the Delaware Estuary is superior, in terms, of total cost, to other proposed schemes. 
530 |a Also issued online. 
650 0 |a Water quality management  |x Mathematical models. 
650 1 2 |a Water Quality. 
650 1 2 |a Water Pollution  |x prevention & control. 
650 7 |a Water quality management  |x Mathematical models.  |2 fast 
776 0 8 |i Online version:  |a University of California, Berkeley. Graduate School of Business Administration.  |t Mathematical programming for regional water quality management.  |d Washington : For sale by the Supt. of Docs., U.S. Govt. Print. Off., 1970  |w (OCoLC)555227076 
776 0 8 |i Online version:  |a University of California, Berkeley. Graduate School of Business Administration.  |t Mathematical programming for regional water quality management.  |d Washington : For sale by the Supt. of Docs., U.S. Govt. Print. Off., 1970  |w (OCoLC)608793069 
830 0 |a Water pollution control research series. 
988 |a 20150814 
049 |a HMSS 
906 |0 OCLC